|
|
|
|
| LEADER |
00000nmm0a2200000 4500 |
| 001 |
11311 |
| 005 |
20231030183651.0 |
| 010 |
|
|
|a 3126750192
|
| 035 |
|
|
|a (RuTPU)RU\TPU\book\11382
|
| 035 |
|
|
|a BOOK00011448
|
| 090 |
|
|
|a 11311
|
| 100 |
|
|
|a 20011209d1996 m y0gery50 ba
|
| 101 |
0 |
|
|a ger
|
| 102 |
|
|
|a DE
|
| 105 |
|
|
|a y j 000zy
|
| 200 |
1 |
|
|a Neu Sichtwechsel. Text& Arbeits Buch
|e Mittelstufe Deutsch als Fremdsprache
|h Teil 3
|f S. Bachmann, S. Gerhold, B. Muller, G. Wessling
|
| 210 |
|
|
|a Stuttgart
|c Klett Edition Deutsch
|d 1996
|
| 215 |
|
|
|a 200 p.
|e Приложение: кассета
|
| 225 |
1 |
|
|a Mitteltufe Deutsch als Fremdsprache
|
| 610 |
1 |
|
|a немецкий язык
|
| 610 |
1 |
|
|a учебные пособия
|
| 610 |
1 |
|
|a разговорная речь
|
| 610 |
1 |
|
|a кассеты
|
| 686 |
|
|
|a Ш143.24-923.4
|v LBC/SL-A
|2 rubbk
|
| 701 |
|
1 |
|a Bachmann
|b S.
|g Saskia
|
| 701 |
|
1 |
|a Gerhold
|b S.
|g Sebastian
|
| 701 |
|
1 |
|a Muller
|b B.
|
| 701 |
|
1 |
|a Wessling
|b G.
|
| 801 |
|
0 |
|a RU
|b 63413507
|c 20011209
|g PSBO
|
| 801 |
|
2 |
|a RU
|b 63413507
|c 20221125
|g PSBO
|
| 942 |
|
|
|c MX
|